Quiz mathématique rapide, juste un petit - x 2 - quiz 16 - Statistiques

Statistiques générales
  • Ce quiz a été pris 119 fois
  • Le résultat moyen est 19 sur 20
Statistiques - réponses
Hint Réponse % Correct
57 114
100%
43 86
100%
90 180
99%
96 192
98%
133 266
98%
15 30
98%
83 166
97%
89 178
97%
12 24
97%
325 650
97%
17 34
96%
201 402
96%
134 268
94%
167 334
94%
177 354
93%
157 314
91%
189 378
91%
266 532
90%
289 578
89%
389 778
89%
Aucun quiz correspondant
Distribution des résultats
% des personnes avec chaque résultat
Percentile par nombre de réponses
Votre historique - résultats
Vous n’avez pas pris ce quiz